[Event "North American op 33rd"]
[Site "Las Vegas"]
[Date "2023.12.26"]
[Round "2"]
[White "Dhanush, Bharadwaj"]
[Black "Bellahcene, Bilel"]
[Result "0-1"]
[WhiteElo "2214"]
[BlackElo "2509"]
[PlyCount "78"]
[EventDate "2023.12.26"]
[EventType "swiss"]
[EventRounds "9"]
[EventCountry "USA"]
[SourceTitle "CB01_2024"]
[SourceDate "2024.01.03"]
[SourceVersion "1"]
[SourceVersionDate "2024.01.03"]
[SourceQuality "1"]

1. Nf3 d5 2. c4 e6 3. b3 d4 4. Bb2 Nc6 5. g3 e5 6. d3 Nf6 7. a3 a5 8. Bg2 Bc5 9. 0-0 0-0 10. Nbd2 h6 11. Ne1 Nh7 12. Nc2 Ra6 13. Ne4 Be7 14. e3 Rb6 15. exd4 Rxb3 16. Rb1 exd4 17. Nb4 Rxb2 18. Nxc6 Rxb1 19. Nxe7+ Qxe7 20. Qxb1 Qxa3 21. Re1 Rd8 22. Qb5 Nf8 23. c5 Ne6 24. Bh3 f5 25. Bxf5 Rf8 26. Bh3 Kh8 27. Rb1 a4 28. Kg2 Qa2 29. Rb2 Qd5 30. Bxe6 Bxe6 31. Qxa4 Qh5 32. h4 Qf3+ 33. Kh2 Qxd3 34. Qc2 Qxc2 35. Rxc2 Bd5 36. Re2 d3 37. Re3 Bxe4 38. Rxe4 Rxf2+ 39. Kh3 Rf5 0-1

[Event "Pan American Intercollegiate-chT"]
[Site "Seattle"]
[Date "2023.01.05"]
[Round "1"]
[White "Antipov, Mikhail Al"]
[Black "Dhanush, Bharadwaj"]
[Result "1-0"]
[WhiteElo "2599"]
[BlackElo "2214"]
[PlyCount "123"]
[EventDate "2023.01.05"]
[EventType "team-swiss"]
[EventRounds "6"]
[EventCountry "USA"]
[SourceTitle "CBM 212 Extra"]
[Source "ChessBase"]
[SourceDate "2023.03.31"]
[SourceVersion "1"]
[SourceVersionDate "2023.03.31"]
[SourceQuality "1"]
[WhiteTeam "Missouri Univ"]
[BlackTeam "Maryland Honors Univ"]
[WhiteTeamCountry "USA"]
[BlackTeamCountry "USA"]

1. e4 c6 2. d4 d5 3. exd5 cxd5 4. Bd3 Nc6 5. c3 Nf6 6. h3 g6 7. Nf3 Bg7 8. 0-0 0-0 9. Re1 Qc7 10. Qc2 Re8 11. Be3 e5 12. dxe5 Nxe5 13. Nxe5 Qxe5 14. Nd2 Bd7 15. Rad1 Qc7 16. Nf3 a6 17. Bd4 Nh5 18. Bxg7 Nxg7 19. Qd2 Rxe1+ 20. Rxe1 Re8 21. Rxe8+ Bxe8 22. Bc2 Bc6 23. Bb3 Qd7 24. Ne5 Qf5 25. Ng4 Qb1+ 26. Kh2 Nh5 27. f3 a5 28. Bxd5 Bxd5 29. Qxd5 Qxb2 30. Qd8+ Kg7 31. Qxa5 b5 32. Qc7 Qxa2 33. Qe5+ Kf8 34. Qxb5 Qd2 35. Qb8+ Ke7 36. Qe5+ Kd7 37. Nf6+ Nxf6 38. Qxf6 Ke8 39. Qe5+ Kf8 40. c4 Qc1 41. c5 h5 42. h4 Qc4 43. Kh3 Qc1 44. Qd6+ Kg8 45. c6 Qh1+ 46. Qh2 Qe1 47. Qb8+ Kh7 48. Qb7 Qh1+ 49. Kg3 Qe1+ 50. Kf4 Qxh4+ 51. Ke5 Qg5+ 52. Kd6 Qf6+ 53. Kd7 Qe6+ 54. Kd8 Kg7 55. c7 Qd6+ 56. Kc8 h4 57. Qb2+ Kh7 58. Qb3 Kg8 59. Kb7 Qd7 60. Qb4 Qd5+ 61. Ka7 Qa2+ 62. Kb8 1-0

[Event "Titled Tuesday intern op 21st Jun Early"]
[Site "Chess.com INT"]
[Date "2022.06.21"]
[Round "7"]
[White "Dhanush, Bharadwaj"]
[Black "Csonka, Balazs"]
[Result "0-1"]
[WhiteElo "2219"]
[BlackElo "2494"]
[PlyCount "86"]
[EventDate "2022.06.21"]
[EventType "swiss (blitz)"]
[EventRounds "11"]
[EventCountry "USA"]
[SourceTitle "EXT 2023"]
[Source "ChessBase"]
[SourceDate "2022.10.05"]
[SourceVersion "1"]
[SourceVersionDate "2022.10.05"]
[SourceQuality "1"]

1. Nf3 Nf6 2. c4 g6 3. b4 Bg7 4. Bb2 0-0 5. g3 b6 6. Bg2 Bb7 7. 0-0 d6 8. d4 e6 9. Nbd2 Nc6 10. a3 Ne7 11. Rc1 Ne4 12. Nxe4 Bxe4 13. Qb3 d5 14. Rfd1 c6 15. Ne1 Bxg2 16. Nxg2 Qd7 17. cxd5 cxd5 18. Rc2 Rfc8 19. Rdc1 Nf5 20. e3 Nd6 21. Rxc8+ Rxc8 22. Rxc8+ Qxc8 23. Qc3 Qxc3 24. Bxc3 b5 25. Ne1 Nc4 26. Nc2 Kf8 27. Kf1 Ke7 28. Ke2 Kd6 29. Kd3 f6 30. Ke2 Bf8 31. Kd3 Kc6 32. Ke2 e5 33. Kd3 e4+ 34. Ke2 f5 35. Kd1 Bd6 36. Ke2 a5 37. Kd1 Nxa3 38. Nxa3 axb4 39. Bxb4 Bxb4 40. Nc2 Bc3 41. Kc1 b4 42. Kb1 Kb5 43. Ka2 Kc4 0-1

[Event "Titled Tuesday intern op 21st Jun Early"]
[Site "Chess.com INT"]
[Date "2022.06.21"]
[Round "1"]
[White "Sadhwani, Raunak"]
[Black "Dhanush, Bharadwaj"]
[Result "1-0"]
[WhiteElo "2619"]
[BlackElo "2219"]
[PlyCount "145"]
[EventDate "2022.06.21"]
[EventType "swiss (blitz)"]
[EventRounds "11"]
[EventCountry "USA"]
[SourceTitle "EXT 2023"]
[Source "ChessBase"]
[SourceDate "2022.10.05"]
[SourceVersion "1"]
[SourceVersionDate "2022.10.05"]
[SourceQuality "1"]

1. e4 c6 2. Nf3 d5 3. d3 dxe4 4. dxe4 Qxd1+ 5. Kxd1 Nf6 6. Nbd2 g6 7. Bc4 Bg7 8. Ne5 e6 9. Nd3 Nbd7 10. f3 b5 11. Bb3 Bb7 12. a4 a6 13. c3 0-0 14. Kc2 Rfd8 15. Rd1 Bf8 16. Nf1 Be7 17. Be3 c5 18. c4 bxc4 19. Bxc4 Nb6 20. Nd2 Rac8 21. a5 Nxc4 22. Nxc4 Nd7 23. b3 Bc6 24. Rd2 Bb5 25. Rad1 Bxc4 26. bxc4 Nb8 27. Kc3 Nc6 28. e5 Nd4 29. Rb1 Nc6 30. f4 Nb4 31. Rdd1 Na2+ 32. Kb3 Nb4 33. Nxb4 cxb4 34. Bb6 Rxd1 35. Rxd1 g5 36. g3 gxf4 37. gxf4 f6 38. exf6 Bxf6 39. Kxb4 e5 40. fxe5 Bxe5 41. h3 Kf7 42. c5 Ke6 43. Kc4 Rg8 44. c6 Rg3 45. Rc1 Rxh3 46. c7 Bxc7 47. Bxc7 Kd7 48. Bb6 Kc6 49. Kb4+ Kd5 50. Rc5+ Kd6 51. Rc8 h5 52. Ra8 h4 53. Rxa6 Kd5 54. Ra8 Rh1 55. Rh8 h3 56. Kb3 Kc6 57. Kb2 Kb5 58. Rh5+ Ka6 59. Bd4 Kb7 60. Bc3 Ka6 61. Kb3 Kb7 62. Kc4 Ka6 63. Rh7 h2 64. Rh6+ Kb7 65. Rh8 Ka7 66. Rh5 Kb7 67. Rh3 Ka7 68. Rh6 Kb7 69. a6+ Ka7 70. Bd4+ Kb8 71. a7+ Kb7 72. Rh7+ Ka8 73. Rh8+ 1-0

[Event "Titled Tuesday intern op 21st Jun Early"]
[Site "Chess.com INT"]
[Date "2022.06.21"]
[Round "5"]
[White "Samaganova, Alexandra"]
[Black "Dhanush, Bharadwaj"]
[Result "0-1"]
[WhiteElo "1864"]
[BlackElo "2219"]
[PlyCount "66"]
[EventDate "2022.06.21"]
[EventType "swiss (blitz)"]
[EventRounds "11"]
[EventCountry "USA"]
[SourceTitle "EXT 2023"]
[Source "ChessBase"]
[SourceDate "2022.10.05"]
[SourceVersion "1"]
[SourceVersionDate "2022.10.05"]
[SourceQuality "1"]

1. c4 g6 2. Nc3 Bg7 3. g3 Nf6 4. Bg2 d6 5. e3 0-0 6. Nge2 Nc6 7. 0-0 e5 8. a3 Be6 9. Nd5 Bxd5 10. cxd5 Ne7 11. e4 Nd7 12. d3 f5 13. f4 Nc5 14. Be3 exf4 15. gxf4 Bxb2 16. Ra2 Bg7 17. Bxc5 dxc5 18. Qb3 Kh8 19. Qxb7 fxe4 20. dxe4 g5 21. Rc2 gxf4 22. Nxf4 Qd6 23. Ne6 Rxf1+ 24. Bxf1 Rg8 25. Rg2 Bd4+ 26. Kh1 Rxg2 27. Bxg2 c4 28. Ng5 Qf4 29. Qc8+ Ng8 30. Qf5 Qxf5 31. exf5 Nf6 32. Ne4 c3 33. Nc5 Bxc5 0-1

[Event "Titled Tuesday intern op 1st May"]
[Site "Chess.com INT"]
[Date "2018.05.01"]
[Round "10"]
[White "Savanovic, Aleksandar"]
[Black "Dhanush, Bharadwaj"]
[Result "1-0"]
[WhiteElo "2450"]
[BlackElo "2219"]
[PlyCount "113"]
[EventDate "2018.05.01"]
[EventType "swiss (blitz)"]
[EventRounds "10"]
[EventCountry "USA"]
[SourceTitle "EXT 2021"]
[Source "ChessBase"]
[SourceDate "2020.10.23"]
[SourceVersion "1"]
[SourceVersionDate "2020.10.23"]
[SourceQuality "1"]

1. e4 c6 2. d4 d5 3. Nc3 dxe4 4. Nxe4 Bf5 5. Ng3 Bg6 6. h4 h6 7. Nf3 e6 8. Ne5 Bh7 9. Bd3 Bxd3 10. Qxd3 Nf6 11. Bd2 Nbd7 12. Qe2 Be7 13. 0-0-0 Qc7 14. f4 Rf8 15. f5 0-0-0 16. fxe6 fxe6 17. Ng6 Qxg3 18. Nxe7+ Kb8 19. Qxe6 Nd5 20. Nxd5 cxd5 21. Qxd5 Nb6 22. Qe5+ Qxe5 23. dxe5 Rf2 24. g3 Nc4 25. Bf4 Rc8 26. e6+ Ka8 27. Rhe1 Na3 28. Rd2 Rxd2 29. Kxd2 Nc4+ 30. Kc1 Re8 31. b3 Nb6 32. c4 a6 33. Kc2 Nc8 34. Kc3 Ne7 35. Kd4 Nc6+ 36. Kc3 b5 37. cxb5 axb5 38. a3 Kb7 39. Bd6 Kb6 40. b4 Nd8 41. Bc5+ Kc6 42. e7 Nb7 43. Kd4 Kd7 44. Kd5 Ra8 45. Re3 g5 46. h5 Rc8 47. g4 Re8 48. Re6 Ra8 49. Rxh6 Nxc5 50. bxc5 Rxa3 51. c6+ Kxe7 52. Rh7+ Kd8 53. Kc5 Ra4 54. Rg7 Rxg4 55. h6 Rg1 56. h7 Rc1+ 57. Kb6 1-0

[Event "Titled Tuesday intern op 1st May"]
[Site "Chess.com INT"]
[Date "2018.05.01"]
[Round "3"]
[White "Vovk, Orest"]
[Black "Dhanush, Bharadwaj"]
[Result "1-0"]
[WhiteElo "2315"]
[BlackElo "2219"]
[PlyCount "71"]
[EventDate "2018.05.01"]
[EventType "swiss (blitz)"]
[EventRounds "10"]
[EventCountry "USA"]
[SourceTitle "EXT 2021"]
[Source "ChessBase"]
[SourceDate "2020.10.23"]
[SourceVersion "1"]
[SourceVersionDate "2020.10.23"]
[SourceQuality "1"]

1. g4 c6 2. Bg2 d5 3. h3 g6 4. d4 Bg7 5. Nf3 Nd7 6. Bf4 Ngf6 7. 0-0 0-0 8. Ne5 Re8 9. Nd2 c5 10. c3 cxd4 11. cxd4 Nxe5 12. Bxe5 e6 13. Qb3 Nd7 14. Bxg7 Kxg7 15. Rac1 Nb6 16. a4 a5 17. Qc2 Bd7 18. b3 Rc8 19. Qd3 Qe7 20. Nf3 Qa3 21. Qe3 Rxc1 22. Rxc1 Rc8 23. Rc5 h6 24. Qe5+ f6 25. Qd6 Rc6 26. Qe7+ Kg8 27. Qxf6 Rxc5 28. Qxg6+ Kf8 29. Qxh6+ Ke8 30. Qh8+ Ke7 31. Qg7+ Ke8 32. dxc5 Qxc5 33. Qd4 Qc1+ 34. Kh2 Nc8 35. g5 Ne7 36. Qh8+ 1-0

[Event "Titled Tuesday intern op 5th Sept"]
[Site "Chess.com INT"]
[Date "2017.09.05"]
[Round "4"]
[White "Bersamina, Paulo"]
[Black "Dhanush, Bharadwaj"]
[Result "1-0"]
[WhiteElo "2397"]
[BlackElo "2219"]
[PlyCount "75"]
[EventDate "2017.09.05"]
[EventType "swiss (blitz)"]
[EventRounds "10"]
[EventCountry "USA"]
[SourceTitle "EXT 2021"]
[Source "ChessBase"]
[SourceDate "2020.10.23"]
[SourceVersion "1"]
[SourceVersionDate "2020.10.23"]
[SourceQuality "1"]

1. e4 c5 2. Nc3 Nc6 3. Bb5 g6 4. Bxc6 bxc6 5. f4 Bg7 6. Nf3 d6 7. d3 Nf6 8. 0-0 0-0 9. Qe1 Rb8 10. Qh4 e6 11. e5 Nd5 12. Qxd8 Rxd8 13. Ne4 dxe5 14. fxe5 Nb4 15. Rf2 c4 16. a3 Na6 17. dxc4 Rd1+ 18. Rf1 Rxf1+ 19. Kxf1 c5 20. Nd6 Bd7 21. b3 Bc6 22. Bb2 Rd8 23. Rd1 Kf8 24. Ke2 Ke7 25. Bc3 Rd7 26. Nc8+ Kd8 27. Rxd7+ Bxd7 28. Nxa7 Nc7 29. a4 h6 30. Ba5 g5 31. g4 f6 32. Nb5 Bxb5 33. cxb5 fxe5 34. Nd2 Kd7 35. Bxc7 Kxc7 36. Kd3 Kb6 37. Nc4+ Kb7 38. Ke4 1-0

[Event "Paris-ch 92nd"]
[Site "Paris"]
[Date "2017.07.22"]
[Round "9"]
[White "Dhanush, Bharadwaj"]
[Black "O'Sullivan, Thomas"]
[Result "1/2-1/2"]
[WhiteElo "2211"]
[BlackElo "2235"]
[PlyCount "55"]
[EventDate "2017.07.14"]
[EventType "swiss"]
[EventRounds "9"]
[EventCountry "FRA"]
[SourceTitle "EXT 2018"]
[Source "ChessBase"]
[SourceDate "2017.10.13"]
[SourceVersion "1"]
[SourceVersionDate "2017.10.13"]
[SourceQuality "1"]

1. Nf3 c5 2. c4 Nc6 3. Nc3 g6 4. e3 Nf6 5. d4 cxd4 6. exd4 d5 7. cxd5 Nxd5 8. Qb3 e6 9. Bc4 Na5 10. Bb5+ Bd7 11. Qa4 a6 12. Bxd7+ Qxd7 13. Qxd7+ Kxd7 14. Ne5+ Ke8 15. Nxd5 exd5 16. b3 f6 17. Nd3 Nc6 18. Be3 Nb4 19. Kd2 Nxd3 20. Kxd3 Bd6 21. Rac1 Kd7 22. h3 Rhe8 23. Rhe1 Re4 24. f3 Re7 25. Bd2 Rae8 26. Rxe7+ Rxe7 27. Re1 Rxe1 28. Bxe1 1/2-1/2

[Event "Paris-ch 92nd"]
[Site "Paris"]
[Date "2017.07.21"]
[Round "8"]
[White "Kambrath, Yannick"]
[Black "Dhanush, Bharadwaj"]
[Result "1-0"]
[WhiteElo "2312"]
[BlackElo "2211"]
[PlyCount "69"]
[EventDate "2017.07.14"]
[EventType "swiss"]
[EventRounds "9"]
[EventCountry "FRA"]
[SourceTitle "EXT 2018"]
[Source "ChessBase"]
[SourceDate "2017.10.13"]
[SourceVersion "1"]
[SourceVersionDate "2017.10.13"]
[SourceQuality "1"]

1. d4 g6 2. g3 Bg7 3. Bg2 d6 4. e4 Nf6 5. Ne2 0-0 6. 0-0 e5 7. h3 exd4 8. Nxd4 Re8 9. Nc3 Nbd7 10. Nb3 Ne5 11. f4 Nc6 12. g4 Be6 13. Re1 Nd7 14. Be3 a5 15. Nd4 Bc4 16. b3 Ba6 17. Qd2 Nb6 18. Rad1 Qb8 19. a4 Qd8 20. Qf2 Nxd4 21. Bxd4 Bxd4 22. Qxd4 Qh4 23. Qe3 Re7 24. Qf3 Rae8 25. Re3 h6 26. Rde1 Qf6 27. e5 dxe5 28. Ne4 Qh4 29. fxe5 Rd8 30. Nf6+ Kg7 31. c4 c6 32. Qf4 Nd7 33. Rd1 Nxe5 34. Rxd8 Qxf6 35. Rg8+ 1-0

[Event "Paris-ch 92nd"]
[Site "Paris"]
[Date "2017.07.20"]
[Round "7"]
[White "Dhanush, Bharadwaj"]
[Black "Mohammad, Fahim"]
[Result "1-0"]
[WhiteElo "2211"]
[BlackElo "2255"]
[PlyCount "71"]
[EventDate "2017.07.14"]
[EventType "swiss"]
[EventRounds "9"]
[EventCountry "FRA"]
[SourceTitle "EXT 2018"]
[Source "ChessBase"]
[SourceDate "2017.10.13"]
[SourceVersion "1"]
[SourceVersionDate "2017.10.13"]
[SourceQuality "1"]

1. Nf3 g6 2. e4 c5 3. c4 Bg7 4. d4 Qa5+ 5. Nc3 Nc6 6. d5 Nd4 7. Bd2 Nxf3+ 8. Qxf3 d6 9. Be2 Nf6 10. h3 0-0 11. 0-0 a6 12. Rfd1 Bd7 13. a3 Rab8 14. b4 Qc7 15. bxc5 Qxc5 16. Qd3 Rfc8 17. Rdc1 Ne8 18. Be3 Qa5 19. Bd4 b5 20. cxb5 axb5 21. Bxg7 Nxg7 22. Na2 Rc5 23. Rc3 Rbc8 24. Rac1 Ne8 25. Qe3 Nf6 26. Bf3 Rc4 27. g4 Be8 28. Nb4 Qa4 29. g5 Nd7 30. Nc6 Kf8 31. Rxc4 bxc4 32. Bd1 Qa6 33. Qc3 f6 34. Bg4 e5 35. gxf6 Ra8 36. Qe3 1-0

[Event "Paris-ch 92nd"]
[Site "Paris"]
[Date "2017.07.19"]
[Round "6"]
[White "Meunier, Clement1111"]
[Black "Dhanush, Bharadwaj"]
[Result "1-0"]
[WhiteElo "2267"]
[BlackElo "2211"]
[PlyCount "91"]
[EventDate "2017.07.14"]
[EventType "swiss"]
[EventRounds "9"]
[EventCountry "FRA"]
[SourceTitle "EXT 2018"]
[Source "ChessBase"]
[SourceDate "2017.10.13"]
[SourceVersion "1"]
[SourceVersionDate "2017.10.13"]
[SourceQuality "1"]

1. e4 c6 2. d4 d5 3. e5 Bf5 4. Nf3 e6 5. Be2 Ne7 6. 0-0 Nd7 7. Nbd2 h6 8. Nb3 Qc7 9. a4 0-0-0 10. Bf4 g5 11. Bg3 Ng6 12. Ne1 f6 13. exf6 Nf4 14. Bg4 Nxf6 15. Bxf5 exf5 16. Nd3 Bd6 17. Nxf4 Bxf4 18. Qd3 Ne4 19. Bxf4 gxf4 20. f3 Nd6 21. Nc5 Rde8 22. Rae1 Rhg8 23. b3 Qg7 24. Qd2 Re3 25. Ne6 Qf6 26. Nxf4 Ree8 27. c3 Qg5 28. Rxe8+ Rxe8 29. Rd1 Nf7 30. Nd3 Qg8 31. Re1 Qf8 32. Kf2 b6 33. Qf4 Rxe1 34. Qxf5+ Kc7 35. Qf4+ Kc8 36. Nxe1 Qe7 37. Nd3 Nd8 38. b4 Ne6 39. Qxh6 c5 40. Qh8+ Kb7 41. Qe5 cxd4 42. Qxd5+ Kc7 43. Qe5+ Kb7 44. Qe4+ Kc7 45. cxd4 Qd6 46. d5 1-0

[Event "Titled Tuesday intern op 4th July"]
[Site "Chess.com INT"]
[Date "2017.07.04"]
[Round "7"]
[White "Dhanush, Bharadwaj"]
[Black "Carlstedt, Jonathan"]
[Result "1-0"]
[WhiteElo "2211"]
[BlackElo "2426"]
[PlyCount "59"]
[EventDate "2017.07.04"]
[EventType "swiss (blitz)"]
[EventRounds "10"]
[EventCountry "USA"]
[SourceTitle "EXT 2021"]
[Source "ChessBase"]
[SourceDate "2020.10.23"]
[SourceVersion "1"]
[SourceVersionDate "2020.10.23"]
[SourceQuality "1"]

1. Nf3 d5 2. c4 d4 3. g3 Nc6 4. Bg2 e5 5. 0-0 e4 6. Ne1 f5 7. d3 Nf6 8. Bg5 Be7 9. Bxf6 Bxf6 10. dxe4 fxe4 11. Bxe4 Bh3 12. Bg2 Bxg2 13. Kxg2 0-0 14. Nd2 Qd7 15. Nd3 Rae8 16. Re1 h5 17. Nf3 h4 18. Nf4 Re4 19. Qd3 Rfe8 20. Rad1 hxg3 21. hxg3 Qg4 22. Nd5 Bd8 23. b4 a6 24. b5 axb5 25. cxb5 Ne5 26. Nxe5 R4xe5 27. Nf4 g5 28. Qg6+ Kf8 29. Rh1 Qf5 30. Rh8+ 1-0

[Event "Titled Tuesday intern op 4th July"]
[Site "Chess.com INT"]
[Date "2017.07.04"]
[Round "1"]
[White "Dhanush, Bharadwaj"]
[Black "Naroditsky, Daniel"]
[Result "0-1"]
[WhiteElo "2211"]
[BlackElo "2647"]
[PlyCount "58"]
[EventDate "2017.07.04"]
[EventType "swiss (blitz)"]
[EventRounds "10"]
[EventCountry "USA"]
[SourceTitle "EXT 2021"]
[Source "ChessBase"]
[SourceDate "2020.10.23"]
[SourceVersion "1"]
[SourceVersionDate "2020.10.23"]
[SourceQuality "1"]

1. Nf3 Nf6 2. c4 c5 3. Nc3 Nc6 4. g3 g6 5. Bg2 Bg7 6. 0-0 0-0 7. d4 cxd4 8. Nxd4 Qa5 9. e3 Qh5 10. Qxh5 Nxh5 11. Nd5 e6 12. Nc7 Rb8 13. Ndb5 a6 14. Nd6 Be5 15. c5 b6 16. f4 Bg7 17. cxb6 Rxb6 18. Nc4 Rb4 19. Nd6 Bxb2 20. Bxb2 Rxb2 21. Bxc6 dxc6 22. Rfb1 Rd2 23. Nxc8 Rxc8 24. Nxa6 c5 25. Rb8 Rxb8 26. Nxb8 c4 27. Rc1 Nf6 28. Rxc4 Ng4 29. h3 Rd1+ 0-1

[Event "Titled Tuesday intern op 4th July"]
[Site "Chess.com INT"]
[Date "2017.07.04"]
[Round "3"]
[White "Moradiabadi, Elshan"]
[Black "Dhanush, Bharadwaj"]
[Result "1-0"]
[WhiteElo "2550"]
[BlackElo "2211"]
[PlyCount "57"]
[EventDate "2017.07.04"]
[EventType "swiss (blitz)"]
[EventRounds "10"]
[EventCountry "USA"]
[SourceTitle "EXT 2021"]
[Source "ChessBase"]
[SourceDate "2020.10.23"]
[SourceVersion "1"]
[SourceVersionDate "2020.10.23"]
[SourceQuality "1"]

1. d4 g6 2. h4 Bg7 3. h5 d6 4. e4 c5 5. dxc5 Qa5+ 6. Bd2 Qxc5 7. Bc3 Bxc3+ 8. Nxc3 Nf6 9. hxg6 fxg6 10. Nf3 Nc6 11. Qd2 Bg4 12. Ng5 h6 13. f3 Bd7 14. 0-0-0 Ne5 15. f4 Nc4 16. Bxc4 Qxc4 17. e5 0-0-0 18. exf6 hxg5 19. fxe7 Rde8 20. Rxh8 Rxh8 21. fxg5 Re8 22. Qxd6 Qc6 23. Qf6 a6 24. Nd5 Bf5 25. Rd2 Kb8 26. Qe5+ Ka7 27. Nf6 Rc8 28. Qe3+ b6 29. e8Q 1-0

[Event "Titled Tuesday intern Qual4 25th April"]
[Site "Chess.com INT"]
[Date "2017.04.25"]
[Round "2"]
[White "Dhanush, Bharadwaj"]
[Black "Guerrero Sierra, Juan Carlos"]
[Result "1/2-1/2"]
[WhiteElo "2191"]
[BlackElo "2286"]
[PlyCount "129"]
[EventDate "2017.04.25"]
[EventType "swiss (blitz)"]
[EventRounds "10"]
[EventCountry "USA"]
[SourceTitle "EXT 2021"]
[Source "ChessBase"]
[SourceDate "2020.10.23"]
[SourceVersion "1"]
[SourceVersionDate "2020.10.23"]
[SourceQuality "1"]

1. Nf3 Nf6 2. c4 g6 3. b4 Bg7 4. Bb2 0-0 5. g3 c5 6. b5 a6 7. Bg2 axb5 8. cxb5 d5 9. 0-0 d4 10. e3 dxe3 11. dxe3 Be6 12. Qxd8 Rxd8 13. Ne5 Ng4 14. Bxb7 Ra7 15. Nc6 Nxc6 16. Bxg7 Na5 17. Bf3 Kxg7 18. Nc3 Ne5 19. Be2 Bc4 20. Rfd1 Rad7 21. Rxd7 Rxd7 22. Bxc4 Nexc4 23. a4 f5 24. Rb1 Nb6 25. Ne2 Nxa4 26. b6 Rb7 27. Ra1 Nb3 28. Rxa4 Rxb6 29. Nc3 Rb7 30. Ra6 Kf7 31. Rc6 Ke8 32. Na4 Kd7 33. Rxc5 Nxc5 34. Nxc5+ Kc6 35. Nxb7 Kxb7 36. Kg2 e5 37. Kf3 Kc6 38. e4 Kc5 39. exf5 gxf5 40. Ke3 Kc4 41. g4 fxg4 42. Ke4 Kc3 43. Kxe5 Kd3 44. Kf4 Ke2 45. Kxg4 Kxf2 46. h4 Ke3 47. Kf5 h5 48. Ke5 Kf3 49. Kf5 Ke3 50. Ke5 Kf3 51. Kf5 Ke3 52. Kg5 Ke4 53. Kxh5 Kf5 54. Kh6 Kf6 55. Kh5 Kg7 56. Kg5 Kh8 57. Kg6 Kg8 58. Kh6 Kh8 59. Kg6 Kg8 60. Kh6 Kh8 61. h5 Kg8 62. Kg6 Kh8 63. h6 Kg8 64. h7+ Kh8 65. Kh6 1/2-1/2

[Event "Titled Tuesday intern Qual4 25th April"]
[Site "Chess.com INT"]
[Date "2017.04.25"]
[Round "4"]
[White "Dhanush, Bharadwaj"]
[Black "Molina, Roberto Junio Brito"]
[Result "1/2-1/2"]
[WhiteElo "2191"]
[BlackElo "2467"]
[PlyCount "149"]
[EventDate "2017.04.25"]
[EventType "swiss (blitz)"]
[EventRounds "10"]
[EventCountry "USA"]
[SourceTitle "EXT 2021"]
[Source "ChessBase"]
[SourceDate "2020.10.23"]
[SourceVersion "1"]
[SourceVersionDate "2020.10.23"]
[SourceQuality "1"]

1. Nf3 d5 2. c4 c6 3. e3 Nf6 4. Nc3 a6 5. b3 Bg4 6. Bb2 Nbd7 7. h3 Bh5 8. Be2 e6 9. 0-0 Bd6 10. Nd4 Bxe2 11. Ndxe2 Qe7 12. cxd5 exd5 13. Rc1 Ba3 14. Bxa3 Qxa3 15. Qc2 Qe7 16. Rfe1 0-0 17. d4 g6 18. Na4 Rfe8 19. Ng3 h5 20. Nc3 Qd6 21. Rcd1 Re6 22. e4 dxe4 23. Ncxe4 Nxe4 24. Rxe4 Rae8 25. Rxe6 Rxe6 26. Ne4 Qd5 27. Nc3 Qg5 28. d5 cxd5 29. Nxd5 Rc6 30. Qe4 Rc1 31. Rxc1 Qxc1+ 32. Kh2 Nf8 33. Nf6+ Kg7 34. Ne8+ Kg8 35. Qe5 Ne6 36. Nf6+ Kf8 37. Qb8+ Ke7 38. Nd5+ Kd7 39. Qxb7+ Kd6 40. Ne3 Nc7 41. Nc4+ Kd7 42. Ne5+ Ke6 43. Qe4 f5 44. Nd3+ fxe4 45. Nxc1 Nd5 46. Kg3 g5 47. h4 g4 48. Ne2 Ke5 49. f3 gxf3 50. gxf3 e3 51. Kg2 Nb4 52. a3 Nd3 53. Kf1 a5 54. Ng3 Nf4 55. Ne2 Nd3 56. Kg2 Kd5 57. Kg3 Ke5 58. f4+ Ke4 59. f5 Ne5 60. f6 Kf5 61. f7 Nxf7 62. Kf3 Ke5 63. Kxe3 Nd6 64. Kf3 Nf5 65. Ng3 Nxh4+ 66. Ke2 Nf5 67. Nxh5 Nd4+ 68. Kd3 Nxb3 69. Kc4 Nd2+ 70. Kb5 Nb1 71. a4 Nc3+ 72. Kxa5 Kd6 73. Ng3 Kc6 74. Kb4 Nxa4 75. Kxa4 1/2-1/2

[Event "Titled Tuesday intern Qual4 25th April"]
[Site "Chess.com INT"]
[Date "2017.04.25"]
[Round "10"]
[White "Skoberne, Jure"]
[Black "Dhanush, Bharadwaj"]
[Result "1/2-1/2"]
[WhiteElo "2544"]
[BlackElo "2191"]
[PlyCount "144"]
[EventDate "2017.04.25"]
[EventType "swiss (blitz)"]
[EventRounds "10"]
[EventCountry "USA"]
[SourceTitle "EXT 2021"]
[Source "ChessBase"]
[SourceDate "2020.10.23"]
[SourceVersion "1"]
[SourceVersionDate "2020.10.23"]
[SourceQuality "1"]

1. Nf3 Nf6 2. g3 g6 3. b3 Bg7 4. Bb2 d6 5. d4 0-0 6. Bg2 c5 7. c4 cxd4 8. Nxd4 a6 9. Nc3 Nbd7 10. 0-0 Nc5 11. h3 Re8 12. e4 Ne6 13. Nc2 Bd7 14. f4 Bc6 15. Re1 Rc8 16. Rb1 Nh5 17. Kh2 b5 18. cxb5 axb5 19. Nb4 Qa5 20. Nxc6 Rxc6 21. Nd5 Bxb2 22. Rxb2 Nc7 23. e5 Nxd5 24. Bxd5 Rc5 25. b4 Qa3 26. Qb3 Qxb3 27. Bxb3 Rcc8 28. exd6 exd6 29. Rxe8+ Rxe8 30. Rd2 Re3 31. Rxd6 Nxg3 32. Rd7 Nf5 33. Bxf7+ Kh8 34. Bb3 Re2+ 35. Kg1 Re4 36. a3 Rxf4 37. Rd3 Kg7 38. Be6 Nd4 39. Bd7 Kf6 40. a4 bxa4 41. Bxa4 Ne2+ 42. Kg2 Rxb4 43. Rf3+ Nf4+ 44. Kg3 g5 45. Bd7 Rb2 46. Rf2 Rb3+ 47. Rf3 Rb7 48. h4 Rxd7 49. hxg5+ Kxg5 50. Rxf4 Rd3+ 51. Rf3 Rd1 52. Ra3 Rd5 53. Kh3 h5 54. Rb3 Re5 55. Ra3 Re1 56. Rb3 Rh1+ 57. Kg2 Re1 58. Rb5+ Kg4 59. Rb4+ Kf5 60. Rb5+ Re5 61. Rxe5+ Kxe5 62. Kg3 Kf5 63. Kh4 Kg6 64. Kg3 Kg5 65. Kh3 h4 66. Kg2 Kh5 67. Kh2 Kg4 68. Kg2 h3+ 69. Kh2 Kh4 70. Kh1 Kg3 71. Kg1 h2+ 72. Kh1 Kh3 1/2-1/2

[Event "Titled Tuesday intern Qual3 18th April"]
[Site "Chess.com INT"]
[Date "2017.04.18"]
[Round "10"]
[White "Alice, Mateus Felizardo Vi"]
[Black "Dhanush, Bharadwaj"]
[Result "1-0"]
[WhiteElo "2124"]
[BlackElo "2191"]
[PlyCount "89"]
[EventDate "2017.04.18"]
[EventType "swiss (blitz)"]
[EventRounds "10"]
[EventCountry "USA"]
[SourceTitle "EXT 2021"]
[Source "ChessBase"]
[SourceDate "2020.10.23"]
[SourceVersion "1"]
[SourceVersionDate "2020.10.23"]
[SourceQuality "1"]

1. e4 c5 2. Nf3 d6 3. d4 cxd4 4. Nxd4 Nf6 5. Nc3 a6 6. Be2 e5 7. Nb3 Be6 8. f4 exf4 9. Bxf4 Nc6 10. Qd2 Be7 11. 0-0-0 Rc8 12. Bxd6 Bxd6 13. Qxd6 Qxd6 14. Rxd6 Ke7 15. Rhd1 b5 16. a3 Ne5 17. Rxa6 Bxb3 18. cxb3 Nxe4 19. Bxb5 Nxc3 20. bxc3 Rxc3+ 21. Kb2 Rhc8 22. Rd2 Re3 23. Ra7+ Kf8 24. Re2 Nd3+ 25. Bxd3 Rxd3 26. a4 f6 27. Ree7 Rd2+ 28. Ka3 Rxg2 29. h4 Rb8 30. Rab7 Rxb7 31. Rxb7 Rg1 32. a5 Ra1+ 33. Kb4 f5 34. Rb5 g6 35. h5 Kf7 36. h6 g5 37. Rxf5+ Kg6 38. Re5 Kxh6 39. Kb5 Kg6 40. Kb6 h5 41. a6 Rb1 42. a7 Rxb3+ 43. Rb5 Ra3 44. Ra5 Rb3+ 45. Ka6 1-0